Sahih Muslim Sharif Vol -3 (Record no. 63123)
[ view plain ]
| 000 -LEADER | |
|---|---|
| fixed length control field | 00443nam a22001697a 4500 |
| 003 - CONTROL NUMBER IDENTIFIER | |
| control field | NUST - PNEC |
| 005 - DATE AND TIME OF LATEST TRANSACTION | |
| control field | 20170116180804.0 |
| 008 - FIXED-LENGTH DATA ELEMENTS--GENERAL INFORMATION | |
| fixed length control field | 150403b xxu||||| |||| 00| 0 eng d |
| 040 ## - CATALOGING SOURCE | |
| Transcribing agency | LIBRARY |
| 082 ## - DEWEY DECIMAL CLASSIFICATION NUMBER | |
| Classification number | 297.22 ABD |
| 100 ## - MAIN ENTRY--PERSONAL NAME | |
| 9 (RLIN) | 2841 |
| Personal name | Abdur Rehman |
| 245 ## - TITLE STATEMENT | |
| Title | Sahih Muslim Sharif Vol -3 |
| Statement of responsibility, etc. | Maulana Abid ur Rehman |
| 260 ## - PUBLICATION, DISTRIBUTION, ETC. | |
| Place of publication, distribution, etc. | Karachi: |
| Name of publisher, distributor, etc. | Quran Mehan, |
| 300 ## - PHYSICAL DESCRIPTION | |
| Extent | 992 p.: |
| Dimensions | 24 cm. |
| 651 ## - SUBJECT ADDED ENTRY--GEOGRAPHIC NAME | |
| 9 (RLIN) | 2085 |
| Geographic name | Islam, Hadees |
| 942 ## - ADDED ENTRY ELEMENTS (KOHA) | |
| Source of classification or shelving scheme | |
| Koha item type | Book |
| Withdrawn status | Lost status | Source of classification or shelving scheme | Damaged status | Not for loan | Permanent Location | Current Location | Shelving location | Date acquired | Total Checkouts | Full call number | Barcode | Date last seen | Price effective from | Koha item type |
|---|---|---|---|---|---|---|---|---|---|---|---|---|---|---|
| Pakistan Navy Engineering College (PNEC) | Pakistan Navy Engineering College (PNEC) | 04/21/2015 | 297.22 ABD | PNECLIB-008995 | 04/21/2015 | 04/21/2015 | Book |
